[Event "Sachsen-Anhalt Landesliga A 18/19"]
[Site "Sachsen Anhalt"]
[Date "2019.04.07"]
[Round "9.1"]
[White "Muehlen, Thomas"]
[Black "Kahe, Ralph"]
[Result "0-1"]
[WhiteElo "1862"]
[BlackElo "2151"]
[PlyCount "52"]
[EventDate "2018.09.23"]
[EventType "team-tourn"]
[EventRounds "9"]
[EventCountry "GER"]
[SourceTitle "EXT 2022"]
[Source "ChessBase"]
[SourceDate "2021.10.06"]
[SourceVersion "1"]
[SourceVersionDate "2021.10.06"]
[SourceQuality "1"]
[WhiteTeam "Calbe TSG"]
[BlackTeam "Magdeburg Rochade II"]
[WhiteTeamCountry "GER"]
[BlackTeamCountry "GER"]

1. d4 g6 2. Nf3 Bg7 3. c3 b6 4. e4 Bb7 5. Bd3 d6 6. 0-0 Nd7 7. Be3 Ngf6 8. Qc2 0-0 9. h3 e5 10. dxe5 dxe5 11. Nbd2 Qe7 12. Rad1 Nc5 13. Bxc5 Qxc5 14. Rfe1 Rfd8 15. Nf1 Bh6 16. Qe2 Rd6 17. Bc2 Rad8 18. Rxd6 Rxd6 19. g3 Kg7 20. Kh2 Ba6 21. Qxa6 Qxf2+ 22. Kh1 Qxf3+ 23. Kg1 Rd2 24. Nxd2 Qxg3+ 25. Kf1 Qxh3+ 26. Ke2 Qg2+ 0-1

[Event "Sachsen-Anhalt Landesliga A 18/19"]
[Site "Sachsen Anhalt"]
[Date "2019.02.24"]
[Round "7.1"]
[White "Muehlen, Thomas"]
[Black "Schumacher, Maik"]
[Result "1-0"]
[WhiteElo "1862"]
[BlackElo "1829"]
[PlyCount "61"]
[EventDate "2018.09.23"]
[EventType "team-tourn"]
[EventRounds "9"]
[EventCountry "GER"]
[SourceTitle "EXT 2022"]
[Source "ChessBase"]
[SourceDate "2021.10.06"]
[SourceVersion "1"]
[SourceVersionDate "2021.10.06"]
[SourceQuality "1"]
[WhiteTeam "Calbe TSG"]
[BlackTeam "Gardelegen"]
[WhiteTeamCountry "GER"]
[BlackTeamCountry "GER"]

1. d4 Nf6 2. Nf3 d5 3. c4 c6 4. Nc3 a6 5. cxd5 cxd5 6. Bf4 Nc6 7. e3 g6 8. Bd3 Bg7 9. 0-0 0-0 10. h3 Na5 11. Qe2 b5 12. b3 Be6 13. Rac1 Rc8 14. Qb2 Qb6 15. Ne5 Nc6 16. Ne2 Nd7 17. Nxc6 Rxc6 18. Rxc6 Qxc6 19. Rc1 Qa8 20. Qc3 Re8 21. Qa5 Rc8 22. Rc7 Bf6 23. a4 Rxc7 24. Bxc7 bxa4 25. bxa4 Nb8 26. Qb6 Nc6 27. Bxa6 Bc8 28. Bxc8 Qxa4 29. Qb1 Na7 30. Bg4 Nb5 31. Bg3 1-0

[Event "Sachsen-Anhalt Landesliga A 18/19"]
[Site "Sachsen Anhalt"]
[Date "2018.11.11"]
[Round "3.1"]
[White "Friedrich, Karl"]
[Black "Muehlen, Thomas"]
[Result "0-1"]
[WhiteElo "1801"]
[BlackElo "1862"]
[PlyCount "160"]
[EventDate "2018.09.23"]
[EventType "team-tourn"]
[EventRounds "9"]
[EventCountry "GER"]
[SourceTitle "EXT 2022"]
[Source "ChessBase"]
[SourceDate "2021.10.06"]
[SourceVersion "1"]
[SourceVersionDate "2021.10.06"]
[SourceQuality "1"]
[WhiteTeam "Burger Schwarz Weiss"]
[BlackTeam "Calbe TSG"]
[WhiteTeamCountry "GER"]
[BlackTeamCountry "GER"]

1. Nf3 d5 2. d4 Bf5 3. c4 e6 4. Nc3 c6 5. e3 Nd7 6. Bd3 Bxd3 7. Qxd3 Bb4 8. 0-0 Ngf6 9. a3 Bxc3 10. bxc3 0-0 11. cxd5 exd5 12. c4 Re8 13. cxd5 Nxd5 14. e4 N5f6 15. Bg5 h6 16. Bh4 g5 17. Bxg5 hxg5 18. Nxg5 Nf8 19. f4 N6h7 20. Rf3 Nxg5 21. fxg5 Ng6 22. Raf1 Re7 23. e5 Qd5 24. Rf6 Rd8 25. e6 Rxe6 26. Rxf7 Qxd4+ 27. Qxd4 Rxd4 28. Rxb7 Re7 29. Rb2 Rf4 30. g3 Rxf1+ 31. Kxf1 a5 32. Rc2 Rf7+ 33. Ke2 Rf5 34. Rxc6 Rxg5 35. Ra6 Ne7 36. Kf3 Rc5 37. h4 Rc3+ 38. Kf4 Rxa3 39. g4 Ra1 40. h5 a4 41. Kg5 a3 42. Ra8+ Kf7 43. Ra7 a2 44. h6 Kf8 45. h7 Rh1 46. Rxa2 Rxh7 47. Kf6 Rh6+ 48. Ke5 Rg6 49. Ra8+ Kf7 50. Ra7 Rxg4 51. Kd6 Rd4+ 52. Ke5 Rd5+ 53. Ke4 Rb5 54. Kf4 Rb6 55. Ke5 Re6+ 56. Kd4 Kf6 57. Ra8 Rd6+ 58. Ke4 Ke6 59. Ra5 Rb6 60. Ra4 Nc8 61. Ra5 Rb4+ 62. Kd3 Ne7 63. Kc3 Rh4 64. Kd3 Nc6 65. Rg5 Ne5+ 66. Ke3 Kd5 67. Rf5 Re4+ 68. Kd2 Kd4 69. Kc2 Re2+ 70. Kb3 Nd3 71. Rf8 Rb2+ 72. Ka3 Rb6 73. Rd8+ Kc4 74. Rc8+ Nc5 75. Rc7 Rb5 76. Rc8 Kc3 77. Ra8 Kc2 78. Ka2 Ne4 79. Ka3 Nc3 80. Rb8 Nb1+ 0-1

[Event "GER Cup final"]
[Site "Halle"]
[Date "2010.05.13"]
[Round "1"]
[White "Muehlen, Thomas"]
[Black "Thieme Garmann, Alexander"]
[Result "0-1"]
[WhiteElo "1861"]
[BlackElo "2145"]
[PlyCount "110"]
[EventDate "2010.05.13"]
[EventType "swiss"]
[EventRounds "5"]
[EventCountry "GER"]
[SourceTitle "CBM 136 Extra"]
[Source "ChessBase"]
[SourceDate "2010.07.02"]
[SourceVersion "2"]
[SourceVersionDate "2010.07.15"]
[SourceQuality "1"]

1. d4 Nf6 2. Nf3 d6 3. Bg5 Nbd7 4. Nbd2 h6 5. Bh4 c6 6. e3 Qc7 7. Bd3 g6 8. c3 Bg7 9. 0-0 0-0 10. Re1 Re8 11. Qb3 Nf8 12. h3 a5 13. Bg3 a4 14. Qc2 b6 15. Rad1 c5 16. dxc5 bxc5 17. Bb5 Bd7 18. Bxd7 Qxd7 19. e4 Nh5 20. Bh2 Ne6 21. Nf1 Qb7 22. Ne3 Nhf4 23. Bxf4 Nxf4 24. Nd5 Nxd5 25. exd5 Reb8 26. Re2 Bf6 27. h4 Qb5 28. Qd3 Qxd3 29. Rxd3 Ra7 30. g3 Rab7 31. Rdd2 a3 32. bxa3 Bxc3 33. Rc2 Bf6 34. Nd2 Kf8 35. Nc4 Rb1+ 36. Kg2 Rd1 37. Red2 Rxd2 38. Nxd2 Ke8 39. Kf3 Kd7 40. Ke4 Kc7 41. Kd3 Ra8 42. Nb1 e6 43. dxe6 fxe6 44. Re2 Kd7 45. Kc4 Bd4 46. f4 d5+ 47. Kd3 Bf6 48. Rh2 c4+ 49. Kc2 h5 50. Rg2 Rb8 51. Nc3 Ra8 52. a4 Bxc3 53. Kxc3 Rxa4 54. Kd4 Kd6 55. g4 Ra3 0-1

[Event "GER Cup final"]
[Site "Halle"]
[Date "2010.05.13"]
[Round "2"]
[White "Pautz, Peter"]
[Black "Muehlen, Thomas"]
[Result "1/2-1/2"]
[WhiteElo "2021"]
[BlackElo "1861"]
[PlyCount "82"]
[EventDate "2010.05.13"]
[EventType "swiss"]
[EventRounds "5"]
[EventCountry "GER"]
[SourceTitle "CBM 136 Extra"]
[Source "ChessBase"]
[SourceDate "2010.07.02"]
[SourceVersion "2"]
[SourceVersionDate "2010.07.15"]
[SourceQuality "1"]

1. d4 Nf6 2. Bg5 e6 3. Nf3 Be7 4. e3 b6 5. Bd3 Bb7 6. Nbd2 d6 7. Qe2 Nbd7 8. c3 Nd5 9. Bxe7 Qxe7 10. a3 0-0 11. h4 f5 12. c4 N5f6 13. d5 exd5 14. Bxf5 Ne5 15. cxd5 Bxd5 16. Bc2 Nfd7 17. 0-0-0 h6 18. Nxe5 Qxe5 19. Qd3 Nc5 20. Qh7+ Kf7 21. f4 Qf6 22. e4 Rh8 23. e5 Rxh7 24. exf6 Rhh8 25. fxg7 Kxg7 26. Rhe1 Rhe8 27. g4 Ne6 28. f5 Nd4 29. Be4 Bxe4 30. Rxe4 Nb3+ 31. Kc2 Nxd2 32. Rxe8 Rxe8 33. Rxd2 Re4 34. Rg2 Kf6 35. Kd3 d5 36. g5+ hxg5 37. hxg5+ Kxf5 38. g6 Re8 39. g7 Rg8 40. Kd4 Ke6 41. Rg6+ Kf5 1/2-1/2